00379nam a22001457a 450000500170000001000130001702000230003003500130005303700200006608200110008624500610009726000370015830000210019570000170021620190207124506.0 aB-217090 a818858374Xc550.00 aB-217090 bReference Press a954.36 aThe Beautiful India:bAndaman and Nicobar /cS.A. Rahman aNew DelhibReference Pressc2005 a245p.c22cm(hbk) aRahman, R.A.